Návrh veľkosti vzorky v marketingovom výskume

V prípade, že je pri marketingovom výskume nutné použiť vzorku, výskumník z celkového súboru obsiahne iba časť populácie. Tieto dáta sa potom zovšeobecnia alebo sa im pripíše váha, aby ich bolo možné aplikovať na celý základný súbor. Pri výbere vzorky je nutné nájsť vyváženie medzi nasledujúcimi fak...

Description complète

Enregistré dans:
Détails bibliographiques
Auteur principal: Vilčeková, Lucia
Format: Chapitre de livre
Langue:slovaque
Sujets:
Tags: Ajouter un tag
Pas de tags, Soyez le premier à ajouter un tag!

MARC

LEADER 00000nla$a2200000$$$4500
001 0120681
005 20240502072349.5
041 0 |a slo 
044 |a SK 
245 1 0 |a Návrh veľkosti vzorky v marketingovom výskume  |c Lucia Vilčeková 
520 |a V prípade, že je pri marketingovom výskume nutné použiť vzorku, výskumník z celkového súboru obsiahne iba časť populácie. Tieto dáta sa potom zovšeobecnia alebo sa im pripíše váha, aby ich bolo možné aplikovať na celý základný súbor. Pri výbere vzorky je nutné nájsť vyváženie medzi nasledujúcimi faktormi: čím je väčšia vzorka, tým sú presnejšie výsledky výskumu, avšak väčšia vzorka si vyžaduje viac finančných prostriedkov a viac času na realizáciu výskumu. Na presné určenie vzorky existujú rôzne matematicko-štatistické metódy, ktoré výskumníkovi pri rozhodovaní sa o jej veľkosti pomôžu. 
610 2 0 |a marketing 
610 2 0 |a výskum 
610 2 0 |a spotrebitelia 
610 2 0 |a metódy matematicko-štatistické 
100 1 |a Vilčeková, Lucia